ბათუმის შოთა რუსთაველის სახელმწიფო უნივერსიტეტის ბიბლიოთეკა

სახელმწიფოსა და სამართლის მსოფლიო ისტორია : (ბიბ.ჩანაწერი № 59445)

000 -ლიდერი
ფიქსირებული სიგრძის საკონტროლო ველი 01595nam a22002297a 4500
003 - საკონტროლო ნომრის იდენტიფიკატორი
საკონტროლო ველი Ge_BSU
005 - ბოლო ოპერაციის თარიღი და დრო
საკონტროლო ველი 20230217105946.0
008 - ფიქსირებული სიგრძის მონაცემთა ელემენტები - ზოგადი ინფორმაცია
ფიქსირებული სიგრძის საკონტროლო ველი 230217s200 xxu||||| |||| 00| 0 geo d
020 ## - წიგნის საერთაშორისო სტანდარტული ნომერი
International Standard Book Number 9992858826
041 ## - ენის კოდი
Language code of text/sound track or separate title geo
080 ## - უნივერსალური ათობითი კლასიფიკაციის ინდექსი
Universal Decimal Classification number 321(100)(09) : 34(100)(09) ჩ-48
100 ## - მთავარი ჩანაწერი - პიროვნების სახელი
Personal name ჩერნილოვსკი, ზ.მ.
9 (RLIN) 16963
245 ## - ცნობა სათაურის შესახებ
Title სახელმწიფოსა და სამართლის მსოფლიო ისტორია :
Remainder of title (საზღვარგარეთის ქვეყნების სახელმწიფოსა და სამართლის ისტორია). ტ. 1 /
Statement of responsibility, etc ზ.მ. ჩერნილოვსკი ; მთარგმნელი ვალერი ლორია ; ქართული გამოცემის რედაქტორი მიხეილ კეკელია.
250 ## - გამოცემის ცნობა
Edition statement მე-2 გადამუშავებული და შევსებული გამოცემა.
264 ## - წარმოების, გამოცემის, დისტრიბუციის და სხვა ცნობები
გამოცემის, წარმოების, დისტრიბუციის... ადგილი თბილისი :
გამოცემის, წარმოების, დისტრიბუციის... სახელწოდება ნეკერი,
გამოცემის, წარმოების, დისტრიბუციის... თარიღი 2003.
300 ## - ფიზიკური აღწერა
Extent 268 გვ.
Other physical details 21 სმ.
653 ## - INDEX TERM--UNCONTROLLED
Uncontrolled term საზღვარგარეთის ქვეყნების სახელმწიფოს ისტორია
653 ## - INDEX TERM--UNCONTROLLED
Uncontrolled term საზღვარგარეთის ქვეყნების სამართლის ისტორია
700 ## - ADDED ENTRY--PERSONAL NAME
Personal name ლორია, ვალერი
Relator term მთარგმნელი
9 (RLIN) 12576
700 ## - ADDED ENTRY--PERSONAL NAME
Personal name კეკელია, მიხეილ
Relator term რედაქტორი
9 (RLIN) 16964
942 ## - ADDED ENTRY ELEMENTS (KOHA)
Source of classification or shelving scheme
Koha item type წიგნი
ეგზემპლარები
ჩამოწერის სტატუსი დაკარგული ეგზემპლარის სტატუსი კლასიფიკაციის წყარო ან თაროზე გაწყობის სქემა დაზიანების სტატუსი არ გაიცემა მუდმივი მდებარეობა (დაცვის ადგილი) ამჟამინდელი ადგილსამყოფელი თაროზე განთავსების ადგილი შეძენის თარიღი ღირებულება, შესყიდვის ნორმალური ფასი სრული შენახვის შიფრი შტრიხკოდი ბოლო ოპერაციის თარიღი ეგზემპლარის მიმდევრობითი ნომერი (კეტერი?) ფასის ძალაში შესვლის თარიღი ეგზემპლარის სახეობა საჯარო შენიშვნა
          ბათუმის შოთა რუსთაველის სახელმწიფო უნივერსიტეტის მთავარი ბიბლიოთეკა ბათუმის შოთა რუსთაველის სახელმწიფო უნივერსიტეტის მთავარი ბიბლიოთეკა წიგნსაცავი 2023-02-17 7.00 321(100)(09) : 34(100)(09) ჩ-48 63848 2023-02-17 63848 2023-02-17 წიგნი 7 ლ.
          ბათუმის შოთა რუსთაველის სახელმწიფო უნივერსიტეტის მთავარი ბიბლიოთეკა ბათუმის შოთა რუსთაველის სახელმწიფო უნივერსიტეტის მთავარი ბიბლიოთეკა წიგნსაცავი 2023-02-17 7.00 321(100)(09) : 34(100)(09) ჩ-48 63849 2023-02-17 63849 2023-02-17 წიგნი 7 ლ.